| 000 | 00566nam a2200229Ia 4500 | ||
|---|---|---|---|
| 003 | OSt | ||
| 005 | 20220928112444.0 | ||
| 006 | a|||||r|||| 00| 0 | ||
| 007 | ta | ||
| 008 | 220927b |||||||| |||| 00| 0 eng d | ||
| 024 | _a59728 | ||
| 037 | _cTextual | ||
| 040 |
_aSDCL _cSDCL _beng |
||
| 041 |
_2eng _aeng |
||
| 082 | _aD651, M8 | ||
| 100 |
_aSze S M _9391912 |
||
| 245 | 0 | _aVLSI technology . | |
| 260 |
_aNew York _b McGraw - Hill _c1988 |
||
| 300 |
_aix,676p. _ccm. |
||
| 942 |
_hD651, M8 _cTEXL _2CC |
||
| 999 |
_c744756 _d744756 |
||